Árabes en América: Palestinos, sirios, libaneses, jordanos...integración y desarrollo de los árabes en Valparaíso
Guardado en:
| Autor principal: | |
|---|---|
| Formato: | Libro |
| Lenguaje: | español |
| Publicado: |
Valparaíso, Chile
Centro de Estudios e Investigaciones para la Cooperación Americano-Árabe
1997
|
| Materias: | |
| Etiquetas: |
Agregar Etiqueta
Sin Etiquetas, Sea el primero en etiquetar este registro!
|
MARC
| LEADER | 00000cam a2200000 a 4500 | ||
|---|---|---|---|
| 001 | UCO3981 | ||
| 003 | CL-VaPUC | ||
| 005 | 20250108102935.0 | ||
| 008 | 000728e19970000cl |||||||||||||||||spa|d | ||
| 999 | |c 290072 |d 290070 | ||
| 020 | |a 9562727467 | ||
| 040 | |c Pontificia Universidad Católica de Valparaíso | ||
| 082 | 0 | 4 | |a 980.004 SAK 1997 |2 21 |
| 100 | 0 | |a Sakalha Elías, Juan |e author |9 448039 | |
| 245 | 1 | 0 | |a Árabes en América: |b Palestinos, sirios, libaneses, jordanos...integración y desarrollo de los árabes en Valparaíso |
| 260 | |a Valparaíso, Chile |b Centro de Estudios e Investigaciones para la Cooperación Americano-Árabe |c 1997 | ||
| 300 | |a 180 páginas | ||
| 583 | |a last modification |c 20151016 10:28:02 |k Rodrigo Vera | ||
| 650 | 0 | |a Historia de América |9 266076 | |
| 650 | 0 | |a Árabes |9 316264 | |
| 650 | 0 | |a Palestinos |2 CL-VaPUC |9 389415 | |
| 650 | 0 | |a Sirios |2 CL-VaPUC |9 448041 | |
| 650 | 0 | |a Libaneses |2 CL-VaPUC |9 445470 | |
| 650 | 0 | |a Jordanos |2 CL-VaPUC |9 448042 | |
| 650 | 0 | |a Integración Cultural |2 CL-VaPUC |9 338434 | |
| 651 | 0 | |a América |9 255182 |z Chile |z Valparaíso | |
| 852 | |a BIBCUR | ||
| 942 | |c BK |2 ddc | ||
| 945 | |d 20000728 00:00:00 |a crobeson | ||
| 952 | |0 0 |1 0 |2 ddc |4 0 |6 980_004000000000000_SAK_1997_1997 |7 0 |8 A |9 339269 |a BIBHIS |b BIBHIS |d 2019-11-20 |i 1202626 |o 980.004 SAK 1997 1997 |p 1202626 |r 2025-01-20 |t 2 |w 2019-11-20 |y BK |k HIS | ||
| 952 | |0 0 |1 0 |2 ddc |4 0 |6 980_004000000000000_SAK_1997_1997 |7 0 |8 A |9 339270 |a BIBHIS |b BIBHIS |d 2019-11-20 |i 4746856 |o 980.004 SAK 1997 1997 |p 4746856 |r 2025-01-20 |t 3 |w 2019-11-20 |y BK |k HIS | ||
| 952 | |0 0 |1 0 |2 ddc |3 erb |4 0 |6 980_004000000000000_SAK_1997_1997 |7 0 |8 A |9 339271 |a BIBDER |b BIBDER |i 5243289 |o 980.004 SAK 1997 1997 |p 5243289 |r 2023-01-25 |t 1 |w 2019-11-20 |y BK |z Catalogado en:20151016 |k DER | ||